000 00442nam a2200145Ia 4500
008 240729s9999 xx 000 0 und d
022 _a2831-5553
245 0 _aBrown Journal of Hospital Medicine
260 _aUnited States
260 _bDepartment of Medicine, Warren Alpert Medical School at Brown University
650 _aMedicine
856 _uhttps://doaj.org/toc/8d4ef12a6f5547e4a846703d32386b92
942 _2ddc
942 _cDOAJEJ
999 _c66538
_d66538
945 _a1
_bMadushi Gamage
_c1
_dMadushi Gamage